000 00789nam a2200265 a 4500
001 73957
003 BD-RjUL
005 20211209082451.0
008 171129s2013 ii a|||| b||| 000 0 eng d
020 _c695.00
035 _a(BD-RjUL)74175
040 _aBD-RjUL
_beng
_cBD-RjUL
041 _aeng
082 _220
_a954.042
_bDAU 2013
100 1 _aDas, Gautam
_9219530
245 1 0 _aUnderstanding the Sino-Indian War, 1962 /
_cGautam Das
260 _a New Delhi :
_b Har-Anand Publications,
_c 2013.
300 _a264 p. :
_bill
_c25 cm.
490 _aMilitary affairs series.
504 _aIncludes Bibliography
650 _aSino-Indian Border Dispute
_y1957
_9219531
651 _aIndia
_v History
_y1947
_9219532
651 _aChina
_vHistory
_y 1949
_9219533
942 _2ddc
_cBK
999 _c73957
_d73957